Citricultura no Paraná: experimento compara desempenho de calagem em "trifoliata" e outros porta-enxertos (Registro n. 299267)
[ somente texto ]
| 000 -LÍDER | |
|---|---|
| fixed length control field | 00987nab a2200277 4500 |
| 003 - CÓDIGO MARC DA AGÊNCIA CATALOGADORA | |
| Campo de controle | BR-BrBNA |
| 005 - DATA E HORA DA ÚLTIMA ATUALIZAÇÃO | |
| Campo de controle | 20240422130708.0 |
| 008 - CAMPO DE TAMANHO FIXO | |
| fixed length control field | 240422b bl.||||| |||| 00| 0 por d |
| 040 ## - FONTE DA CATALOGAÇÃO | |
| Agência catalogadora | BR-BrBNA |
| Idioma da catalogação | por |
| 072 ## - CATEGORIA AGRIS | |
| Código AGRIS | F01 ; P33 ; F02 |
| Código do objeto | 1000 ; 3840 |
| 100 ## - ENTRADA PRINCIPAL - NOME PESSOAL | |
| Nome pessoal | Auler, Antônio Martins |
| 100 ## - ENTRADA PRINCIPAL - NOME PESSOAL | |
| Nome pessoal | Fidalski, Jonez |
| 245 ## - TÍTULO PRINCIPAL | |
| Título principal | Citricultura no Paraná: experimento compara desempenho de calagem em "trifoliata" e outros porta-enxertos |
| Subtítulo | Variedades |
| 500 ## - NOTA GERAL | |
| Nota geral | 4 ref.; 6 illus.; 2 tables |
| 942 ## - ADDED ENTRY ELEMENTS (KOHA) | |
| Koha item type | |
| 650 ## - ASSUNTO - THESAGRO | |
| Cabeçalho tópico ou nome geográfico | CITRICULTURA |
| 650 ## - ASSUNTO - THESAGRO | |
| Cabeçalho tópico ou nome geográfico | CAMPO EXPERIMENTAL |
| 650 ## - ASSUNTO - THESAGRO | |
| Cabeçalho tópico ou nome geográfico | CALAGEM |
| 650 ## - ASSUNTO - THESAGRO | |
| Cabeçalho tópico ou nome geográfico | PORTA ENXERTO |
| 650 ## - ASSUNTO - THESAGRO | |
| Cabeçalho tópico ou nome geográfico | PONCIRUS TRIFOLIATA |
| 650 ## - ASSUNTO - THESAGRO | |
| Cabeçalho tópico ou nome geográfico | DESEMPENHO |
| 650 ## - ASSUNTO - THESAGRO | |
| Cabeçalho tópico ou nome geográfico | PRODUTIVIDADE |
| 650 ## - ASSUNTO - THESAGRO | |
| Cabeçalho tópico ou nome geográfico | PARANÁ |
| 773 0# - ENTRADA ANALÍTICA | |
| Host Biblionumber | 4769 |
| Registro do item | 20055 |
| Imprenta | Bebedouro - SP Grupo Técnico de Assistência e Consultoria em Citrus 2001 |
| Outro identificador | 2023-419512 |
| Título | Ciência e Pratica (Brazil) |
| Colação | v. 12(44) p. 19-22; (Jan-Apr 2012) |
| Número de controle de registro | BR2024000848 |
Nenhum exemplar disponível.

BINAGRI